| 000 | 00344 a2200145 4500 | ||
|---|---|---|---|
| 001 | 176103 | ||
| 020 | _a | ||
| 040 | _cMagnum | ||
| 100 | _aRomano-Benner, Norma | ||
| 240 | 1 | 0 |
_aDrogas - uma luta sem fronteiras _lpor |
| 245 | 1 | 0 | _aDrogas - uma luta sem fronteiras |
| 362 | 0 | _a1899 | |
| 697 | _aMAGNITO: CIENCIAS MEDICAS SAUD | ||
| 942 | _cBK | ||
| 999 |
_c176103 _d176103 |
||